[Event "ESTCC 50 2019"]
[Site "Mali Losinj"]
[Date "2019.09.21"]
[Round "4.10"]
[White "Opl, Klaus"]
[Black "Wegerer, Fred"]
[Result "0-1"]
[WhiteElo "2207"]
[BlackElo "2171"]
[Annotator "NA"]
[PlyCount "74"]
[EventDate "2019.09.18"]
[EventType "team-tourn"]
[EventCountry "CRO"]
[SourceTitle "playchess.com"]
[Source "ChessBase"]
[SourceQuality "1"]
[WhiteTeam "Austria"]
[BlackTeam "Austria"]
[WhiteTeamCountry "AUT"]
[BlackTeamCountry "AUT"]
[TimeControl "40/5400+30:1800+30"]

1. e4 {[%emt 0:00:30]} c5 {[%emt 0:00:30]} 2. Nf3 {[%emt 0:00:00]} e6 {[%emt 0:00:00]} 3. d4 {[%emt 0:00:00]} cxd4 {[%emt 0:00:00]} 4. Nxd4 {[%emt 0:00:30]} Nf6 {[%emt 0:00:30]} 5. Nc3 {[%emt 0:00:30]} Nc6 {[%emt 0:00:30]} 6. Ndb5 {[%emt 0:00:30]} Bc5 {[%emt 0:00:30]} 7. Be3 {[%emt 0:00:30]} Bxe3 {[%emt 0:04:30]} 8. Nd6+ {[%emt 0:00:30]} Ke7 {[%emt 0:06:30]} 9. fxe3 {[%emt 0:00:30]} Qb6 {[%emt 0:17:30]} 10. Nc4 {[%emt 0:09:30]} Qc5 {[%emt 0:02:30]} 11. Na4 {[%emt 0:05:30]} Qg5 {[%emt 0:00:30]} 12. Qd6+ {[%emt 0:03:30]} Kd8 {[%emt 0:00:30]} 13. Nc3 {[%emt 0:05:30]} Ne8 {[%emt 0:10:30]} 14. Qf4 {[%emt 0:05:30]} Qc5 {[%emt 0:12:30]} 15. e5 {[%emt 0:04:30]} f6 {[%emt 0:13:30]} 16. exf6 {[%emt 0:08:30]} gxf6 {[%emt 0:06:30]} 17. O-O-O {[%emt 0:01:30]} Qg5 {[%emt 0:07:52]} 18. Qe4 {[%emt 0:09:30]} Ke7 {[%emt 0:00:46]} 19. h4 {[%emt 0:03:30]} Qg6 {[%emt 0:01:50]} 20. Qf3 {[%emt 0:03:30]} d5 {[%emt 0:00:24]} 21. Rxd5 {[%emt 0:05:30]} exd5 {[%emt 0:02:13]} 22. Nxd5+ {[%emt 0:00:30]} Kf8 {[%emt 0:02:04]} 23. e4 {[%emt 0:01:30]} Be6 {[%emt 0:02:35]} 24. Qa3+ {[%emt 0:01:30]} Kg7 {[%emt 0:00:28]} 25. Nf4 {[%emt 0:03:30]} Qh6 {[%emt 0:00:41]} 26. Qg3+ {[%emt 0:01:30]} Kf7 {[%emt 0:00:37]} 27. Ne3 {[%emt 0:01:30]} Rg8 {[%emt 0:00:25]} 28. Qf2 {[%emt 0:00:30]} Nd6 {[%emt 0:01:39]} 29. Nxe6 {[%emt 0:02:30]} Kxe6 {[%emt 0:00:06]} 30. Kb1 {[%emt 0:00:30]} Ne5 {[%emt 0:01:31]} 31. Qd2 {[%emt 0:04:14]} Rad8 {[%emt 0:00:33]} 32. Qc3 {[%emt 0:01:02]} Rg3 {[%emt 0:02:19]} 33. Qb3+ {[%emt 0:00:31]} Kd7 {[%emt 0:00:11]} 34. Bb5+ {[%emt 0:00:43]} Kc8 {[%emt 0:00:06]} 35. Qe6+ {[%emt 0:01:33]} Kb8 {[%emt 0:00:05]} 36. Rd1 {[%emt 0:03:05]} Rxe3 {[%emt 0:00:09]} 37. a4 {[%emt 0:00:10]} Qf8 {[%emt 0:00:18]} 0-1

[Event "ESTCC 50 2019"]
[Site "Mali Losinj"]
[Date "2019.09.21"]
[Round "4.11"]
[White "Kainz, Josef"]
[Black "Watzka, Horst"]
[Result "1/2-1/2"]
[WhiteElo "1922"]
[BlackElo "2187"]
[Annotator "NA"]
[PlyCount "26"]
[EventDate "2019.09.18"]
[EventType "team-tourn"]
[EventCountry "CRO"]
[SourceTitle "playchess.com"]
[Source "ChessBase"]
[SourceQuality "1"]
[WhiteTeam "Austria"]
[BlackTeam "Austria"]
[WhiteTeamCountry "AUT"]
[BlackTeamCountry "AUT"]
[TimeControl "40/5400+30:1800+30"]

1. d4 {[%emt 0:00:30]} Nf6 {[%emt 0:00:30]} 2. c4 {[%emt 0:01:30]} e6 {[%emt 0:04:30]} 3. g3 {[%emt 0:03:30]} c5 {[%emt 0:02:30]} 4. d5 {[%emt 0:04:30]} exd5 {[%emt 0:01:30]} 5. cxd5 {[%emt 0:00:30]} d6 {[%emt 0:00:30]} 6. Bg2 {[%emt 0:01:30]} g6 {[%emt 0:01:30]} 7. Nf3 {[%emt 0:02:30]} Bg7 {[%emt 0:03:30]} 8. h4 {[%emt 0:03:30]} Bg4 {[%emt 0:09:30]} 9. Nh2 {[%emt 0:05:30]} Bc8 {[%emt 0:04:30]} 10. Nf3 {[%emt 0:04:30]} Bg4 {[%emt 0:04:30]} 11. Nh2 {[%emt 0:03:30]} Bc8 {[%emt 0:00:30]} 12. Nf3 {[%emt 0:00:30]} Bg4 {[%emt 0:00:30]} 13. Nh2 {[%emt 0:00:00]} Bc8 {[%emt 0:00:00]} 1/2-1/2

[Event "ESTCC 50 2019"]
[Site "Mali Losinj"]
[Date "2019.09.21"]
[Round "4.12"]
[White "Ernst, Michael"]
[Black "Detter, Peter"]
[Result "1/2-1/2"]
[WhiteElo "2199"]
[BlackElo "1982"]
[Annotator "NA"]
[PlyCount "61"]
[EventDate "2019.09.18"]
[EventType "team-tourn"]
[EventCountry "CRO"]
[SourceTitle "playchess.com"]
[Source "ChessBase"]
[SourceQuality "1"]
[WhiteTeam "Austria"]
[BlackTeam "Austria"]
[WhiteTeamCountry "AUT"]
[BlackTeamCountry "AUT"]
[TimeControl "40/5400+30:1800+30"]

1. d4 {[%emt 0:00:30]} c5 {[%emt 0:00:30]} 2. d5 {[%emt 0:01:30]} Nf6 {[%emt 0:00:30]} 3. Nc3 {[%emt 0:01:30]} d6 {[%emt 0:00:30]} 4. e4 {[%emt 0:00:30]} g6 {[%emt 0:00:30]} 5. Nf3 {[%emt 0:00:30]} Bg7 {[%emt 0:00:30]} 6. Be2 {[%emt 0:01:30]} O-O {[%emt 0:00:30]} 7. O-O {[%emt 0:00:00]} b6 {[%emt 0:06:30]} 8. h3 {[%emt 0:05:00]} Ba6 {[%emt 0:01:30]} 9. a4 {[%emt 0:02:30]} Bxe2 {[%emt 0:01:30]} 10. Qxe2 {[%emt 0:00:30]} a6 {[%emt 0:03:30]} 11. Bf4 {[%emt 0:01:30]} Nbd7 {[%emt 0:02:30]} 12. Rad1 {[%emt 0:07:30]} Ne8 {[%emt 0:05:30]} 13. Rfe1 {[%emt 0:06:30]} Ne5 {[%emt 0:08:30]} 14. Nd2 {[%emt 0:03:30]} Nc7 {[%emt 0:04:30]} 15. Bg3 {[%emt 0:04:30]} b5 {[%emt 0:04:30]} 16. f4 {[%emt 0:05:30]} Nd7 {[%emt 0:01:30]} 17. axb5 {[%emt 0:03:30]} axb5 {[%emt 0:00:30]} 18. Nxb5 {[%emt 0:01:30]} Nxb5 {[%emt 0:00:30]} 19. Qxb5 {[%emt 0:00:00]} Rb8 {[%emt 0:00:30]} 20. Qd3 {[%emt 0:01:00]} Rxb2 {[%emt 0:02:30]} 21. Nc4 {[%emt 0:00:30]} Rb4 {[%emt 0:04:30]} 22. e5 {[%emt 0:02:30]} Nb6 {[%emt 0:03:30]} 23. Nxb6 {[%emt 0:07:30]} Qxb6 {[%emt 0:01:30]} 24. Kh1 {[%emt 0:00:30]} Rd4 {[%emt 0:07:30]} 25. Qe3 {[%emt 0:02:30]} Rd8 {[%emt 0:10:30]} 26. c3 {[%emt 0:04:30]} Rxd1 {[%emt 0:00:30]} 27. Rxd1 {[%emt 0:00:30]} Qb3 {[%emt 0:03:30]} 28. Qd3 {[%emt 0:00:30]} c4 {[%emt 0:02:30]} 29. Qd2 {[%emt 0:01:30]} Ra8 {[%emt 0:00:30]} 30. Qe1 {[%emt 0:05:30]} Qc2 {[%emt 0:10:10]} 31. Rc1 {[%emt 0:02:30]} 1/2-1/2

[Event "ESTCC 50 2019"]
[Site "Mali Losinj"]
[Date "2019.09.21"]
[Round "4.13"]
[White "Ponce Navalon, Jose"]
[Black "Mikhalchishin, Adrian"]
[Result "1/2-1/2"]
[WhiteElo "2024"]
[BlackElo "2465"]
[Annotator "ChessBase"]
[PlyCount "82"]
[EventDate "2019.09.18"]
[EventType "team-tourn"]
[EventCountry "CRO"]
[SourceTitle "playchess.com"]
[Source "ChessBase"]
[SourceQuality "1"]
[WhiteTeam "Spain"]
[BlackTeam "Slovenia"]
[WhiteTeamCountry "ESP"]
[BlackTeamCountry "SLO"]
[TimeControl "40/5400+30:1800+30"]

1. e4 {[%emt 0:00:30]} e5 {[%emt 0:00:30]} 2. Nf3 {[%emt 0:00:00]} Nc6 {[%emt 0:00:30]} 3. Bb5 {[%emt 0:00:00]} a6 {[%emt 0:00:30]} 4. Bxc6 {[%emt 0:00:00]} dxc6 {[%emt 0:00:00]} 5. d4 {[%emt 0:00:00]} exd4 {[%emt 0:01:00]} 6. Qxd4 {[%emt 0:00:30]} Bg4 {[%emt 0:09:30]} 7. h3 {[%emt 0:05:30]} Bxf3 {[%emt 0:00:30]} 8. Qxd8+ {[%emt 0:00:00]} Rxd8 {[%emt 0:00:30]} 9. gxf3 {[%emt 0:00:00]} Ne7 {[%emt 0:03:30]} 10. Be3 {[%emt 0:08:30]} Ng6 {[%emt 0:01:30]} 11. Nd2 {[%emt 0:00:30]} Be7 {[%emt 0:14:30]} 12. Rg1 {[%emt 0:16:30]} O-O {[%emt 0:03:30]} 13. f4 {[%emt 0:03:30]} f5 {[%emt 0:04:30]} 14. e5 {[%emt 0:00:30]} b6 {[%emt 0:01:30]} 15. Nf3 {[%emt 0:02:30]} c5 {[%emt 0:01:30]} 16. Ke2 {[%emt 0:00:30]} Rfe8 {[%emt 0:03:30]} 17. Rad1 {[%emt 0:02:30]} Nf8 {[%emt 0:00:30]} 18. Rxd8 {[%emt 0:07:30]} Rxd8 {[%emt 0:00:30]} 19. Rd1 {[%emt 0:00:30]} Rxd1 {[%emt 0:01:30]} 20. Kxd1 {[%emt 0:00:00]} Kf7 {[%emt 0:01:30]} 21. Ke2 {[%emt 0:01:00]} Ne6 {[%emt 0:06:30]} 22. Kd3 {[%emt 0:00:30]} h6 {[%emt 0:00:30]} 23. Ne1 {[%emt 0:04:30]} Nd8 {[%emt 0:05:30]} 24. Nf3 {[%emt 0:17:30]} Ne6 {[%emt 0:11:30]} 25. Ne1 {[%emt 0:00:30]} Kg6 {[%emt 0:00:00]} 26. Ng2 {[%emt 0:03:30]} Kh5 {[%emt 0:02:00]} 27. c3 {[%emt 0:00:30]} g5 {[%emt 0:01:30]} 28. fxg5 {[%emt 0:01:30]} hxg5 {[%emt 0:00:30]} 29. f3 {[%emt 0:01:30]} c6 {[%emt 0:04:30]} 30. Bf2 {[%emt 0:07:15]} Bd8 {[%emt 0:01:56]} 31. Bg3 {[%emt 0:00:51]} b5 {[%emt 0:03:38]} 32. b3 {[%emt 0:00:29]} Bc7 {[%emt 0:08:39]} 33. Bh2 {[%emt 0:07:39]} Bb6 {[%emt 0:02:28]} 34. Bg3 {[%emt 0:03:16]} Bc7 {[%emt 0:01:38]} 35. Bh2 {[%emt 0:00:41]} Bb6 {[%emt 0:00:10]} 36. Bg3 {[%emt 0:00:12]} Ba5 {[%emt 0:02:49]} 37. Be1 {[%emt 0:04:54]} Bc7 {[%emt 0:00:43]} 38. Bg3 {[%emt 0:00:19]} Ba5 {[%emt 0:01:41]} 39. Bf2 {[%emt 0:00:39]} Bc7 {[%emt 0:01:11]} 40. Bg3 {[%emt 0:00:00]} Bd8 {[%emt 0:00:00]} 41. Bf2 {[%emt 0:01:45]} Bc7 {[%emt 0:13:23]} 1/2-1/2

[Event "ESTCC 50 2019"]
[Site "Mali Losinj"]
[Date "2019.09.21"]
[Round "4.14"]
[White "Mohr, Georg"]
[Black "Ruiz Bellon, Manuel"]
[Result "1-0"]
[WhiteElo "2445"]
[BlackElo "1973"]
[Annotator "NA"]
[PlyCount "61"]
[EventDate "2019.09.18"]
[EventType "team-tourn"]
[EventCountry "CRO"]
[SourceTitle "playchess.com"]
[Source "ChessBase"]
[SourceQuality "1"]
[WhiteTeam "Slovenia"]
[BlackTeam "Spain"]
[WhiteTeamCountry "SLO"]
[BlackTeamCountry "ESP"]
[TimeControl "40/5400+30:1800+30"]

1. g3 {[%emt 0:06:30]} Nf6 {[%emt 0:00:30]} 2. Bg2 {[%emt 0:00:30]} d5 {[%emt 0:00:30]} 3. f4 {[%emt 0:03:30]} c6 {[%emt 0:02:30]} 4. Nf3 {[%emt 0:00:00]} Qb6 {[%emt 0:05:30]} 5. e3 {[%emt 0:06:00]} Bg4 {[%emt 0:01:30]} 6. b3 {[%emt 0:05:30]} Nbd7 {[%emt 0:09:30]} 7. Bb2 {[%emt 0:00:30]} h5 {[%emt 0:01:30]} 8. h3 {[%emt 0:04:30]} Bxf3 {[%emt 0:04:30]} 9. Qxf3 {[%emt 0:00:30]} h4 {[%emt 0:02:30]} 10. g4 {[%emt 0:04:30]} Ne4 {[%emt 0:00:30]} 11. O-O {[%emt 0:08:30]} e6 {[%emt 0:07:30]} 12. Re1 {[%emt 0:07:30]} Rh7 {[%emt 0:06:30]} 13. d3 {[%emt 0:00:30]} Ng3 {[%emt 0:00:30]} 14. Nd2 {[%emt 0:03:30]} Bb4 {[%emt 0:10:30]} 15. Qf2 {[%emt 0:09:30]} Qa5 {[%emt 0:04:30]} 16. Red1 {[%emt 0:00:00]} Bc3 {[%emt 0:00:30]} 17. Bxc3 {[%emt 0:00:00]} Qxc3 {[%emt 0:00:30]} 18. Nf3 {[%emt 0:00:30]} O-O-O {[%emt 0:01:30]} 19. Ng5 {[%emt 0:00:30]} Nf8 {[%emt 0:09:30]} 20. Nxf7 {[%emt 0:05:30]} Rd7 {[%emt 0:01:30]} 21. Ne5 {[%emt 0:00:30]} Re7 {[%emt 0:01:30]} 22. Qd2 {[%emt 0:00:30]} Qc5 {[%emt 0:01:30]} 23. d4 {[%emt 0:01:30]} Qb6 {[%emt 0:05:30]} 24. Qd3 {[%emt 0:00:30]} Rh6 {[%emt 0:07:36]} 25. c4 {[%emt 0:00:30]} Rf6 {[%emt 0:03:22]} 26. g5 {[%emt 0:02:30]} Rf5 {[%emt 0:00:46]} 27. Bf3 {[%emt 0:00:30]} Rxe5 {[%emt 0:02:28]} 28. dxe5 {[%emt 0:03:30]} dxc4 {[%emt 0:03:02]} 29. bxc4 {[%emt 0:04:30]} Rd7 {[%emt 0:04:35]} 30. Qa3 {[%emt 0:00:30]} Ng6 {[%emt 0:01:09]} 31. Rxd7 {[%emt 0:00:30]} 1-0

[Event "ESTCC 50 2019"]
[Site "Mali Losinj"]
[Date "2019.09.21"]
[Round "4.15"]
[White "Lopez de Turiso, Jose Angel"]
[Black "Mencinger, Vojko"]
[Result "0-1"]
[WhiteElo "1945"]
[BlackElo "2332"]
[Annotator "RC"]
[PlyCount "122"]
[EventDate "2019.09.18"]
[EventType "team-tourn"]
[EventCountry "CRO"]
[SourceTitle "playchess.com"]
[Source "ChessBase"]
[SourceQuality "1"]
[WhiteTeam "Spain"]
[BlackTeam "Slovenia"]
[WhiteTeamCountry "ESP"]
[BlackTeamCountry "SLO"]
[TimeControl "40/5400+30:1800+30"]

1. e4 {[%emt 0:00:30]} g6 {[%emt 0:00:30]} 2. d4 {[%emt 0:01:30]} Bg7 {[%emt 0:00:30]} 3. Nf3 {[%emt 0:00:30]} d6 {[%emt 0:00:30]} 4. Bc4 {[%emt 0:02:30]} c6 {[%emt 0:03:30]} 5. Nc3 {[%emt 0:06:30]} Na6 {[%emt 0:10:30]} 6. Be3 {[%emt 0:06:30]} Nc7 {[%emt 0:00:30]} 7. a4 {[%emt 0:07:30]} d5 {[%emt 0:02:30]} 8. exd5 {[%emt 0:04:30]} cxd5 {[%emt 0:00:30]} 9. Be2 {[%emt 0:07:30]} Nh6 {[%emt 0:03:30]} 10. Qd2 {[%emt 0:05:30]} Nf5 {[%emt 0:00:30]} 11. O-O {[%emt 0:00:30]} O-O {[%emt 0:00:30]} 12. Rfd1 {[%emt 0:03:30]} Nxe3 {[%emt 0:18:30]} 13. Qxe3 {[%emt 0:01:30]} Bf5 {[%emt 0:01:30]} 14. Bd3 {[%emt 0:03:30]} Bg4 {[%emt 0:00:30]} 15. Be2 {[%emt 0:00:30]} Rc8 {[%emt 0:04:30]} 16. h3 {[%emt 0:02:30]} Bxf3 {[%emt 0:03:30]} 17. Bxf3 {[%emt 0:01:30]} e6 {[%emt 0:00:00]} 18. a5 {[%emt 0:02:30]} a6 {[%emt 0:01:00]} 19. Be2 {[%emt 0:06:30]} Ne8 {[%emt 0:00:30]} 20. Bd3 {[%emt 0:00:30]} Nd6 {[%emt 0:04:30]} 21. Ne2 {[%emt 0:01:30]} Rc7 {[%emt 0:04:30]} 22. c3 {[%emt 0:03:30]} Nc8 {[%emt 0:00:30]} 23. Ra4 {[%emt 0:01:30]} Ne7 {[%emt 0:01:30]} 24. Rda1 {[%emt 0:03:30]} Nc6 {[%emt 0:00:30]} 25. Nc1 {[%emt 0:02:30]} Qd6 {[%emt 0:03:30]} 26. Nb3 {[%emt 0:02:30]} f6 {[%emt 0:08:30]} 27. Rd1 {[%emt 0:06:03]} Kh8 {[%emt 0:04:30]} 28. Rd2 {[%emt 0:05:13]} Re8 {[%emt 0:01:30]} 29. Qf3 {[%emt 0:02:04]} Rf7 {[%emt 0:05:15]} 30. Bc2 {[%emt 0:02:05]} Bf8 {[%emt 0:03:14]} 31. Rd1 {[%emt 0:01:12]} Qd8 {[%emt 0:00:36]} 32. Nc1 {[%emt 0:01:26]} Nxa5 {[%emt 0:00:33]} 33. Ne2 {[%emt 0:01:39]} Nc4 {[%emt 0:00:44]} 34. Ra2 {[%emt 0:01:26]} Bh6 {[%emt 0:01:24]} 35. Nf4 {[%emt 0:02:40]} Bxf4 {[%emt 0:00:33]} 36. Qxf4 {[%emt 0:00:02]} Kg7 {[%emt 0:00:28]} 37. h4 {[%emt 0:01:30]} Qd6 {[%emt 0:02:11]} 38. Qg4 {[%emt 0:00:51]} f5 {[%emt 0:02:14]} 39. Qf3 {[%emt 0:00:59]} Qd8 {[%emt 0:01:30]} 40. b3 {[%emt 0:01:08]} Nd6 {[%emt 0:00:00]} 41. Qf4 {[%emt 0:02:12]} Nb5 {[%emt 0:12:48]} 42. Rd3 {[%emt 0:03:30]} Qc7 {[%emt 0:00:30]} 43. Qe3 {[%emt 0:01:30]} Rc8 {[%emt 0:06:41]} 44. Bd1 {[%emt 0:06:11]} Qd6 {[%emt 0:02:49]} 45. Rc2 {[%emt 0:05:24]} Rfc7 {[%emt 0:01:59]} 46. h5 {[%emt 0:00:40]} Qe7 {[%emt 0:05:56]} 47. Qe5+ {[%emt 0:06:42]} Qf6 {[%emt 0:02:53]} 48. h6+ {[%emt 0:00:28]} Kf7 {[%emt 0:00:01]} 49. Qg3 {[%emt 0:00:15]} g5 {[%emt 0:02:12]} 50. Bh5+ {[%emt 0:03:44]} Ke7 {[%emt 0:00:10]} 51. c4 {[%emt 0:01:09]} dxc4 {[%emt 0:02:57]} 52. bxc4 {[%emt 0:00:07]} Qxh6 {[%emt 0:01:35]} 53. Re2 {[%emt 0:04:26]} Rxc4 {[%emt 0:01:44]} 54. Rxe6+ {[%emt 0:00:39]} Kxe6 {[%emt 0:00:41]} 55. Qe5+ {[%emt 0:00:35]} Kd7 {[%emt 0:00:09]} 56. Qxf5+ {[%emt 0:00:31]} Kc7 {[%emt 0:00:22]} 57. Qf7+ {[%emt 0:00:35]} Kb8 {[%emt 0:00:11]} 58. g3 {[%emt 0:00:09]} R4c7 {[%emt 0:00:55]} 59. Qf3 {[%emt 0:00:18]} Rc3 {[%emt 0:00:39]} 60. Bg4 {[%emt 0:01:01]} Rxd3 {[%emt 0:00:24]} 61. Qxd3 {[%emt 0:00:02]} Rc1+ {[%emt 0:00:16]} 0-1

[Event "ESTCC 50 2019"]
[Site "Mali Losinj"]
[Date "2019.09.21"]
[Round "4.16"]
[White "Plesec, Damjan"]
[Black "Rodriguez Bernal, Herman"]
[Result "1-0"]
[WhiteElo "2216"]
[BlackElo "1735"]
[Annotator "NA"]
[PlyCount "97"]
[EventDate "2019.09.18"]
[EventType "team-tourn"]
[EventCountry "CRO"]
[SourceTitle "playchess.com"]
[Source "ChessBase"]
[SourceQuality "1"]
[WhiteTeam "Slovenia"]
[BlackTeam "Spain"]
[WhiteTeamCountry "SLO"]
[BlackTeamCountry "ESP"]
[TimeControl "40/5400+30:1800+30"]

1. Nf3 {[%emt 0:01:30]} Nf6 {[%emt 0:02:30]} 2. d4 {[%emt 0:00:30]} e6 {[%emt 0:01:30]} 3. g3 {[%emt 0:00:30]} b6 {[%emt 0:01:30]} 4. Bg2 {[%emt 0:00:30]} Bb7 {[%emt 0:00:30]} 5. O-O {[%emt 0:00:30]} Be7 {[%emt 0:00:30]} 6. c4 {[%emt 0:00:30]} O-O {[%emt 0:01:30]} 7. a3 {[%emt 0:05:30]} a5 {[%emt 0:02:30]} 8. b3 {[%emt 0:01:30]} Ne4 {[%emt 0:02:30]} 9. Bb2 {[%emt 0:01:30]} d5 {[%emt 0:00:30]} 10. Qc2 {[%emt 0:02:30]} f5 {[%emt 0:00:30]} 11. Nc3 {[%emt 0:02:30]} Nd7 {[%emt 0:00:30]} 12. Nxe4 {[%emt 0:02:30]} fxe4 {[%emt 0:01:30]} 13. Nd2 {[%emt 0:02:30]} Nf6 {[%emt 0:01:30]} 14. f3 {[%emt 0:03:30]} e3 {[%emt 0:05:30]} 15. Nb1 {[%emt 0:00:30]} c5 {[%emt 0:00:30]} 16. Rd1 {[%emt 0:01:30]} Rc8 {[%emt 0:02:30]} 17. Bh3 {[%emt 0:02:30]} Qd6 {[%emt 0:01:30]} 18. Qd3 {[%emt 0:09:30]} Rc6 {[%emt 0:06:30]} 19. dxc5 {[%emt 0:14:30]} bxc5 {[%emt 0:02:30]} 20. Qxe3 {[%emt 0:05:30]} d4 {[%emt 0:00:30]} 21. Qd3 {[%emt 0:03:30]} Nh5 {[%emt 0:02:30]} 22. Nd2 {[%emt 0:09:30]} Rb6 {[%emt 0:01:30]} 23. Rab1 {[%emt 0:04:30]} e5 {[%emt 0:13:30]} 24. Bc1 {[%emt 0:05:44]} Bg5 {[%emt 0:12:30]} 25. Ne4 {[%emt 0:01:50]} Bxe4 {[%emt 0:00:00]} 26. Qxe4 {[%emt 0:02:52]} Bxc1 {[%emt 0:05:00]} 27. Rdxc1 {[%emt 0:00:17]} Qc7 {[%emt 0:04:30]} 28. Qd5+ {[%emt 0:03:11]} Kh8 {[%emt 0:00:00]} 29. Qd7 {[%emt 0:00:42]} Qb8 {[%emt 0:02:00]} 30. Qe7 {[%emt 0:01:20]} Rbf6 {[%emt 0:04:30]} 31. Bg4 {[%emt 0:01:07]} R6f7 {[%emt 0:02:50]} 32. Qxc5 {[%emt 0:00:51]} Nxg3 {[%emt 0:02:11]} 33. hxg3 {[%emt 0:00:38]} e4 {[%emt 0:00:22]} 34. Kg2 {[%emt 0:02:02]} Qd8 {[%emt 0:03:16]} 35. Qd5 {[%emt 0:02:28]} exf3+ {[%emt 0:00:18]} 36. exf3 {[%emt 0:00:52]} Qf6 {[%emt 0:00:33]} 37. Re1 {[%emt 0:00:49]} Re7 {[%emt 0:02:59]} 38. Rxe7 {[%emt 0:00:42]} Qxe7 {[%emt 0:00:02]} 39. Qe4 {[%emt 0:00:36]} Qxa3 {[%emt 0:01:14]} 40. Qxd4 {[%emt 0:01:05]} Qe7 {[%emt 0:01:11]} 41. Rb2 {[%emt 0:31:26]} Rd8 {[%emt 0:30:30]} 42. Qe4 {[%emt 0:00:20]} Qxe4 {[%emt 0:04:24]} 43. fxe4 {[%emt 0:00:05]} Rb8 {[%emt 0:00:12]} 44. Bd7 {[%emt 0:00:32]} Rb7 {[%emt 0:00:40]} 45. Bc6 {[%emt 0:00:10]} Rc7 {[%emt 0:00:22]} 46. Bd5 {[%emt 0:00:08]} g6 {[%emt 0:00:34]} 47. e5 {[%emt 0:00:06]} Kg7 {[%emt 0:00:20]} 48. Rf2 {[%emt 0:00:31]} Re7 {[%emt 0:00:32]} 49. e6 {[%emt 0:00:08]} 1-0

[Event "ESTCC 50 2019"]
[Site "Mali Losinj"]
[Date "2019.09.21"]
[Round "4.17"]
[White "Lauritzen, Einar"]
[Black "Wallace, Paul"]
[Result "0-1"]
[WhiteElo "1990"]
[BlackElo "2153"]
[Annotator "ChessBase"]
[PlyCount "128"]
[EventDate "2019.09.18"]
[EventType "team-tourn"]
[EventCountry "CRO"]
[SourceTitle "playchess.com"]
[Source "ChessBase"]
[SourceQuality "1"]
[WhiteTeam "NOR"]
[BlackTeam "IRL"]
[WhiteTeamCountry "NOR"]
[BlackTeamCountry "AUS"]
[TimeControl "40/5400+30:1800+30"]

1. d4 {[%emt 0:00:30]} Nf6 {[%emt 0:00:30]} 2. Nf3 {[%emt 0:00:00]} g6 {[%emt 0:00:00]} 3. c4 {[%emt 0:01:00]} Bg7 {[%emt 0:00:00]} 4. g3 {[%emt 0:00:30]} O-O {[%emt 0:00:30]} 5. Bg2 {[%emt 0:00:30]} d6 {[%emt 0:00:30]} 6. Nc3 {[%emt 0:00:00]} Nc6 {[%emt 0:01:30]} 7. O-O {[%emt 0:02:00]} a6 {[%emt 0:00:30]} 8. e4 {[%emt 0:00:30]} Bg4 {[%emt 0:01:30]} 9. h3 {[%emt 0:00:30]} Bxf3 {[%emt 0:00:30]} 10. Bxf3 {[%emt 0:00:30]} Nd7 {[%emt 0:01:30]} 11. Be3 {[%emt 0:02:30]} e5 {[%emt 0:02:30]} 12. d5 {[%emt 0:04:30]} Nd4 {[%emt 0:00:30]} 13. Bg2 {[%emt 0:00:30]} c5 {[%emt 0:00:30]} 14. dxc6 {[%emt 0:08:30]} bxc6 {[%emt 0:01:30]} 15. Qd2 {[%emt 0:14:30]} Rb8 {[%emt 0:06:30]} 16. b3 {[%emt 0:01:30]} Qa5 {[%emt 0:05:30]} 17. Na4 {[%emt 0:06:30]} Qxd2 {[%emt 0:06:30]} 18. Bxd2 {[%emt 0:00:00]} Nb6 {[%emt 0:00:30]} 19. Nxb6 {[%emt 0:05:00]} Rxb6 {[%emt 0:00:00]} 20. Rab1 {[%emt 0:02:30]} c5 {[%emt 0:01:00]} 21. Rfd1 {[%emt 0:06:30]} Rfb8 {[%emt 0:01:30]} 22. Kh1 {[%emt 0:01:30]} Bf8 {[%emt 0:07:30]} 23. h4 {[%emt 0:01:30]} a5 {[%emt 0:00:30]} 24. Bxa5 {[%emt 0:03:30]} Ra6 {[%emt 0:00:30]} 25. Bc3 {[%emt 0:04:30]} Rxa2 {[%emt 0:08:30]} 26. Bxd4 {[%emt 0:00:30]} exd4 {[%emt 0:00:00]} 27. Kg1 {[%emt 0:00:30]} Rc2 {[%emt 0:02:00]} 28. Bf1 {[%emt 0:06:30]} Rc3 {[%emt 0:00:30]} 29. Rd3 {[%emt 0:03:30]} Rxc4 {[%emt 0:00:30]} 30. Rdd1 {[%emt 0:00:30]} Rc2 {[%emt 0:05:30]} 31. Bd3 {[%emt 0:03:30]} Ra2 {[%emt 0:01:30]} 32. Bc4 {[%emt 0:00:00]} Be7 {[%emt 0:06:30]} 33. Bd5 {[%emt 0:01:00]} Rb6 {[%emt 0:12:30]} 34. Ra1 {[%emt 0:04:52]} Rba6 {[%emt 0:00:30]} 35. Rxa2 {[%emt 0:00:07]} Rxa2 {[%emt 0:00:30]} 36. Kf1 {[%emt 0:01:11]} Bd8 {[%emt 0:01:30]} 37. Kg2 {[%emt 0:07:08]} Bb6 {[%emt 0:02:30]} 38. Bc4 {[%emt 0:01:08]} Kf8 {[%emt 0:00:30]} 39. g4 {[%emt 0:03:44]} h6 {[%emt 0:02:30]} 40. Rd3 {[%emt 0:01:09]} f6 {[%emt 0:02:30]} 41. Rf3 {[%emt 0:33:11]} Kg7 {[%emt 0:01:30]} 42. h5 {[%emt 0:00:00]} Rb2 {[%emt 0:00:30]} 43. Kf1 {[%emt 0:00:00]} Ba5 {[%emt 0:00:30]} 44. g5 {[%emt 0:00:00]} hxg5 {[%emt 0:01:30]} 45. h6+ {[%emt 0:00:00]} Kxh6 {[%emt 0:01:30]} 46. Rxf6 {[%emt 0:00:00]} d3 {[%emt 0:08:30]} 47. Bxd3 {[%emt 0:00:00]} Rxb3 {[%emt 0:00:30]} 48. Rxd6 {[%emt 0:00:00]} Bc3 {[%emt 0:01:30]} 49. Rc6 {[%emt 0:00:34]} Bd4 {[%emt 0:00:30]} 50. Be2 {[%emt 0:00:46]} Rb1+ {[%emt 0:01:30]} 51. Kg2 {[%emt 0:00:16]} Re1 {[%emt 0:00:30]} 52. Bd3 {[%emt 0:00:20]} Rd1 {[%emt 0:03:30]} 53. Be2 {[%emt 0:00:45]} Rc1 {[%emt 0:00:30]} 54. Rc7 {[%emt 0:02:18]} Rc2 {[%emt 0:00:30]} 55. Kf1 {[%emt 0:01:11]} g4 {[%emt 0:00:30]} 56. Rc6 {[%emt 0:02:51]} Kg5 {[%emt 0:01:30]} 57. Ke1 {[%emt 0:00:15]} Bc3+ {[%emt 0:09:30]} 58. Kf1 {[%emt 0:00:28]} Rc1+ {[%emt 0:00:30]} 59. Kg2 {[%emt 0:00:11]} Bd4 {[%emt 0:00:30]} 60. e5 {[%emt 0:01:27]} Bxe5 {[%emt 0:04:30]} 61. Bd3 {[%emt 0:00:31]} Rc3 {[%emt 0:03:22]} 62. Bxg6 {[%emt 0:00:31]} Bd4 {[%emt 0:00:20]} 63. Be4 {[%emt 0:00:34]} Kf4 {[%emt 0:00:24]} 64. Bh7 {[%emt 0:00:20]} Rf3 {[%emt 0:00:16]} 0-1